Personal finance /

Bibliographic Details
Main Author: Donaldson, Elvin Frank, 1903-1972
Other Authors: Pfahl, John K.
Format: Book
Language:English
Published: New York : Ronald Press Co., [1961]
Edition:3d ed.
Subjects:

MARC

Tag First Indicator Second Indicator Subfields
LEADER 00000cam a2200000 4500
001 in00000059315
005 20151008051551.0
008 750725s1961 nyu b 00000 eng u
010 |a  61007071  
035 |a (OCoLC)01477023 
035 |9 AAG8714AM 
040 |c HLS  |d TXA  |d UtOrBLW 
049 |a TXAM  |c [415056] 
050 0 0 |a HG173  |b .D6 1961 
092 |a 332.024  |b D676p, 1961 
100 1 |a Donaldson, Elvin Frank,  |d 1903-1972. 
245 1 0 |a Personal finance /  |c [by] Elvin F. Donaldson and John K. Pfahl. 
250 |a 3d ed. 
264 1 |a New York :  |b Ronald Press Co.,  |c [1961] 
300 |a 717 pages :  |b illustrations ;  |c 24 cm. 
336 |a text  |b txt  |2 rdacontent 
337 |a unmediated  |b n  |2 rdamedia 
338 |a volume  |b nc  |2 rdacarrier 
504 |a Includes bibliography. 
650 0 |a Finance, Personal. 
700 1 |a Pfahl, John K. 
999 |a MARS 
999 f f |s 3394bba4-55e3-3c24-85cd-cd6a5b4c08a3  |i 47a0a36c-9e9d-32ab-ba00-d6e9664e7040  |t 0 
952 f f |p ric  |a Texas A&M University  |b Rellis Campus  |c Joint Library Facility  |d Remote Storage  |t 0  |e HG173 .D6 1961  |h Library of Congress classification  |i unmediated -- volume  |m A14800727390 
998 f f |a HG173 .D6 1961  |t 0  |l Remote Storage